Normal view
MARC view
- State Bank of Pakistan.
Entry Corporate Name
001 - CONTROL NUMBER
- control field: 12293
003 - CONTROL NUMBER IDENTIFIER
- control field: NUST
005 - DATE AND TIME OF LATEST TRANSACTION
- control field: 20180809073758.0
008 - FIXED-LENGTH DATA ELEMENTS
- fixed length control field: 180809|| aca||aabn | a|a d
040 ## - CATALOGING SOURCE
- Original cataloging agency: NUST
- Transcribing agency: NUST
110 ## - HEADING--CORPORATE NAME
- Corporate name or jurisdiction name as entry element: State Bank of Pakistan.
- Subordinate unit: Library.
670 ## - SOURCE DATA FOUND
- Source citation: Work cat.: (NUST)0: Syed Asad Hussain. 12292, Pakistan Economy., 2005
